Sembrando y construyendo un mejor vivir: (Registro nro. 17674)

Detalles MARC
000 -CABECERA
Campo de control 01455nam a22002531a 4500
005 - FECHA Y HORA DE LA ULTIMA TRANSACCION
Campo de control 20150814084435.0
008 - ELEMENTOS DE LONGITUD FIJA—INFORMACION GENERAL
Campo de control 150814b2014 ck |||||r|||| 00| 0 spa d
040 ## - FUENTE DE CATALOGACIÓN
Agencia catalogadora original CO-BoIAVH
Agencia transcriptora CO-BoIAVH
041 0# - IDIOMA
Código de idioma para texto/pista de sonido o título separado Español
044 ## - PAÍS DE PUBLICACIÓN
País de publicación Colombia
090 ## - CLASIFICACIÓN LOCAL
Colección EA-
Consecutivo 305
110 2# - ASIENTO PRINCIPAL--NOMBRE CORPORATIVO
Nombre corporativo o de jurisdicción como elemento de entrada EN PUJA
Unidad subordinad , Colectivo de comunicaciones
9 (RLIN) 36928
245 1# - MENCION DE TITULO
Título Sembrando y construyendo un mejor vivir:
Parte restante del título Experiencias comunitarias de conservación en el Golfo de Tribugá /
Mención de responsabilidad Colectivo de comunicaciones EN PUJA, Fondo de patrimonio natural y Fundación MarViva
260 3# - PUBLICACION, DISTRIBUCION, ETC. (PIE DE IMPRENTA)
Lugar de publicación, distribución, etc. Bogotá (Colombia):
Nombre del editor, distribuidor, etc. Fundación MarViva,
Fecha de publicación, distribución, etc. 2014.
300 ## - DESCRIPCION FISICA
Extensión 36 p.
Otros detalles físicos ilustraciones, fotografías, color
Dimensiones 22 cm.
490 ## - MENCION DE SERIE
Mención de serie Proyecto Incentivos a la Conservación, caso piloto Pacífico
505 ## - NOTA DE CONTENIDO
Nota de contenido Los Riscales territorio en conservación.<br/>Acciones para cocinar conservando.<br/>El consumo: los fogones ahorradores de leña.<br/>El manejo y aprovechamiento del recurso: los huertos leñeros.<br/>Alternativa productiva: vainilla.<br/>Recuperación del manglar.<br/>Garantías para el futuro: corredor de conservación.
650 #6 - ASIENTO SECUNDARIO DE MATERIA - TERMINO TEMATICO
Término temático o nombre geográfico como elemento de entrada Conservación de ecosistemas
Subdivisión geográfica Golfo de Tribugá (Colombia)
9 (RLIN) 36929
650 #6 - ASIENTO SECUNDARIO DE MATERIA - TERMINO TEMATICO
Término temático o nombre geográfico como elemento de entrada Conservación de ecosistemas
Subdivisión general métodos de cocción
Subdivisión geográfica Golfo de Tribugá (Colombia)
9 (RLIN) 36930
650 #6 - ASIENTO SECUNDARIO DE MATERIA - TERMINO TEMATICO
Término temático o nombre geográfico como elemento de entrada Conservación de ecosistemas
Subdivisión general Producto forestal
Subdivisión geográfica Golfo de Tribugá (Colombia)
9 (RLIN) 36931
710 2# - ASIENTO SECUNDARIO - NOMBRE CORPORATIVO
Nombre corporativo o de jurisdicción como elemento de entrada Fondo de Patrimonio Natural
9 (RLIN) 36926
710 2# - ASIENTO SECUNDARIO - NOMBRE CORPORATIVO
Nombre corporativo o de jurisdicción como elemento de entrada Fundación MarViva
9 (RLIN) 36927
942 ## - ELEMENTOS ADICIONALES (KOHA)
Sistema de clasificación Local
Tipo de ítem Folleto
Existencias
Withdrawn status Lost status Sistema de Clasificación Damaged status No para préstamo Colección Inventariado Ubicación Permanente Ubicación actual Fecha de adquisición Total Checkouts Número topográfico Inventario / Código de Barras Date last seen Ejemplar Price effective from Forma de adquisición Tipo de material
    Local     Educación Ambiental Inventariado 2017 Sala Fabio Quevedo Sala Fabio Quevedo 14/08/2015   EA-305 038944 14/08/2015 Ej. 1 14/08/2015 Canje Folleto